Asesoramiento y apoyo psicopedagógico: estrategias prácticas de intervención educativa
Guardat en:
| Autors principals: | , |
|---|---|
| Format: | Llibre |
| Idioma: | espanyol |
| Publicat: |
Madrid
Narcea
1993
|
| Col·lecció: | Educación Hoy
|
| Matèries: | |
| Etiquetes: |
Afegir etiqueta
Sense etiquetes, Sigues el primer a etiquetar aquest registre!
|
MARC
| LEADER | 00000nam a2200000 a 4500 | ||
|---|---|---|---|
| 001 | UCP1185 | ||
| 003 | CL-VaPUC | ||
| 008 | 990401e19930000SP |||||||||||||||||spa|d | ||
| 020 | |a 8427710089 | ||
| 082 | 0 | 4 | |a 370.15 |b GUP |2 21 |
| 100 | 0 | |a Gupta, Rajinder M |e author |9 427091 | |
| 700 | 0 | |a Coxhead, Peter |e author |9 427092 | |
| 245 | 1 | 0 | |a Asesoramiento y apoyo psicopedagógico: estrategias prácticas de intervención educativa |
| 300 | |a 222 p | ||
| 942 | |c BK | ||
| 945 | |d 19990401 00:00:00 |a rbrito | ||
| 260 | |a Madrid |b Narcea |c 1993 | ||
| 650 | 0 | |a Psicología del aprendizaje |9 306854 | |
| 650 | 0 | |a Conducta escolar |9 427093 | |
| 650 | 0 | |a Formación profesional de profesores |9 307493 | |
| 650 | 0 | |a Ausentismo escolar |9 427094 | |
| 650 | 0 | |a Trastornos del aprendizaje |9 307969 | |
| 583 | |a last modification |c 20150714 01:52:44 |k Rodrigo Vera | ||
| 490 | 0 | |a Educación Hoy | |
| 999 | |c 279894 |d 279892 | ||
| 952 | |0 0 |1 0 |4 0 |6 370_150000000000000_GUP_1993 |7 0 |8 A |9 319788 |a BIBEDU |b BIBEDU |d 2019-11-20 |i 3495256 |o 370.15 GUP 1993 |p 3495256 |r 2019-11-20 |w 2019-11-20 |y BK |k BME | ||
| 952 | |0 0 |1 0 |4 0 |6 370_150000000000000_GUP_1993 |7 0 |8 A |9 319789 |a BIBEDU |b BIBEDU |d 2019-11-20 |i 4378571 |o 370.15 GUP 1993 |p 4378571 |r 2019-11-20 |w 2019-11-20 |y BK |k EPE | ||
| 952 | |0 0 |1 0 |4 0 |6 370_150000000000000_GUP_1993 |7 0 |8 A |9 319790 |a BIBEDU |b BIBEDU |d 2019-11-20 |i 4481089 |o 370.15 GUP 1993 |p 4481089 |r 2019-11-20 |w 2019-11-20 |y BK |k EPE | ||